000 00540nam a2200145 a 4500
008 120416s1972 ||||||||||||||||| || u
020 _a0852980566
050 _aT 56.24 Man
100 _aSemler, E. G
245 1 0 _aManagement for engineers
_cedited by E. G. Semler
260 _aLondon
_bThe Institution of Mechanical Engineers
_c1972
300 _a[4], 184p. : ill.
350 _a0.00
995 _D0.00
_FCBU-MAIN LIBRARY (Kitwe)
_H1
_I3.50
_UAVAILABLE
_ZAnnex Low-Usage Collection
999 _c49917
_d49917